| 000 | 00416nam a22001337a 4500 | ||
|---|---|---|---|
| 082 |
_a823 _bDAV/L |
||
| 100 | _aDAVIES, KATE | ||
| 245 | _aLAMB ALL ALONE: BASED ON A REWAL LIFE ANIMAL RESCUE | ||
| 246 |
_aLAMB ALL ALONE: BASED ON A REWAL LIFE ANIMAL RESCUE _bLAMB ALL ALONE: BASED ON A REWAL LIFE ANIMAL RESCUE |
||
| 260 |
_aLONDON _bSCHOLASTIC _c2013 |
||
| 300 | _a128 | ||
| 650 | _aENGLISH ANIMAL STORY | ||
| 942 | _cBK | ||
| 999 |
_c8601 _d8601 |
||